Culture Générale - Série 2269 - Statistiques

Statistiques générales
  • Ce quiz a été pris 121 fois
  • Le résultat moyen est 5 sur 10
Statistiques - réponses
Question Réponse % Correct
De quel pays est originaire le cocktail à base de rhum, de soda, de citron vert, et de feuilles de menthe fraîche appelé "mojito" ? Cuba
82%
Petit intermède dans un programme de radio, de télévision, de spectacle - 9 lettres commençant par " i " interlude
67%
A quel pays appartient l'île d'Egine ? Grèce
65%
Version revisitée d'un morceau musical, réalisée en studio ou parfois en live avec des techniques d'édition audio, destinée en général aux DJ pour les clubs remix
65%
Dans le langage familier,c'est un film qui possède tellement de défauts qu'il en devient involontairement ridicule et comique nanar
60%
Groupement de sépultures monumentales ou de tombes séparées des lieux de culte - 9 lettres commençant par " n " nécropole
59%
Contration musculaire - 6 lettres commençant par " s " spasme
50%
Quelle variété de pomme de terre est associée à la ville du Touquet ? ratte
47%
Quelle locution adverbiale latine signifie "Sans fixer de date pour une autre séance." ? sine die
28%
Fille de 2 acteurs français connus, elle a obtenu en 2018 le César de la meilleure actrice dans un second rôle pour "Petit Paysan" - prénom et nom - voir photo Sara Giraudeau
23%
Aucun quiz correspondant
Distribution des résultats
% des personnes avec chaque résultat
Percentile par nombre de réponses
Votre historique - résultats
Vous n’avez pas pris ce quiz